Building construction, vol. 1. (5th ed.) (Record no. 77794)
[ view plain ]
| 000 -LEADER | |
|---|---|
| fixed length control field | 01804nam a2200253 a 4500 |
| 008 - FIXED-LENGTH DATA ELEMENTS--GENERAL INFORMATION | |
| fixed length control field | 120416s1970 xx |||||||||||||| || u |
| 050 ## - LIBRARY OF CONGRESS CALL NUMBER | |
| Classification number | TH 145 Mac |
| 100 ## - MAIN ENTRY--PERSONAL NAME | |
| Personal name | McKay, W. B |
| 245 10 - TITLE STATEMENT | |
| Title | Building construction, vol. 1. (5th ed.) |
| Statement of responsibility, etc. | revised by J.K. McKay |
| 250 ## - EDITION STATEMENT | |
| Edition statement | 5th ed. |
| 260 ## - PUBLICATION, DISTRIBUTION, ETC. | |
| Date of publication, distribution, etc. | 1970 |
| 350 ## - | |
| -- | 0.00 |
| 650 ## - SUBJECT ADDED ENTRY--TOPICAL TERM | |
| Topical term or geographic name entry element | BUILDING |
| 650 ## - SUBJECT ADDED ENTRY--TOPICAL TERM | |
| Topical term or geographic name entry element | BUILDING CONSTRUCTION |
| 995 ## - | |
| -- | TEXTBOOKS (SBE) |
| -- | 0.00 |
| -- | 20143 |
| -- | CBU-SCHOOL TEXTBOOK COLLECTIONS |
| -- | 1 |
| -- | 0.00 |
| -- | SCHOOL TEXTBOOK |
| -- | 6 |
| -- | AVAILABLE |
| -- | Nov 13, 2008 |
| -- | 20143 |
| -- | School Collections |
| 995 ## - | |
| -- | TEXTBOOKS (SBE) |
| -- | 0.00 |
| -- | 20157 |
| -- | CBU-SCHOOL TEXTBOOK COLLECTIONS |
| -- | 1 |
| -- | 0.00 |
| -- | SCHOOL TEXTBOOK |
| -- | 7 |
| -- | AVAILABLE |
| -- | Nov 13, 2008 |
| -- | 20157 |
| -- | School Collections |
| 995 ## - | |
| -- | TEXTBOOKS (SBE) |
| -- | 0.00 |
| -- | 2872 |
| -- | CBU-SCHOOL TEXTBOOK COLLECTIONS |
| -- | 1 |
| -- | 0.00 |
| -- | SCHOOL TEXTBOOK |
| -- | 3 |
| -- | AVAILABLE |
| -- | Oct 23, 2008 |
| -- | 2872 |
| -- | School Collections |
| 995 ## - | |
| -- | TEXTBOOKS (SBE) |
| -- | 0.00 |
| -- | 20159 |
| -- | CBU-SCHOOL TEXTBOOK COLLECTIONS |
| -- | 1 |
| -- | 0.00 |
| -- | SCHOOL TEXTBOOK |
| -- | 9 |
| -- | AVAILABLE |
| -- | Nov 13, 2008 |
| -- | 20159 |
| -- | School Collections |
| 995 ## - | |
| -- | TEXTBOOKS (SBE) |
| -- | 0.00 |
| -- | 20158 |
| -- | CBU-SCHOOL TEXTBOOK COLLECTIONS |
| -- | 1 |
| -- | 0.00 |
| -- | SCHOOL TEXTBOOK |
| -- | 8 |
| -- | AVAILABLE |
| -- | Nov 13, 2008 |
| -- | 20158 |
| -- | School Collections |
| 995 ## - | |
| -- | TEXTBOOKS (SBE) |
| -- | 0.00 |
| -- | 20146 |
| -- | CBU-SCHOOL TEXTBOOK COLLECTIONS |
| -- | 1 |
| -- | 0.00 |
| -- | SCHOOL TEXTBOOK |
| -- | 4 |
| -- | AVAILABLE |
| -- | Nov 13, 2008 |
| -- | 20146 |
| -- | School Collections |
| 995 ## - | |
| -- | TEXTBOOKS (SBE) |
| -- | 0.00 |
| -- | 20140 |
| -- | CBU-SCHOOL TEXTBOOK COLLECTIONS |
| -- | 1 |
| -- | 0.00 |
| -- | SCHOOL TEXTBOOK |
| -- | 5 |
| -- | AVAILABLE |
| -- | Nov 13, 2008 |
| -- | 20140 |
| -- | School Collections |
| 995 ## - | |
| -- | TEXTBOOKS (SBE) |
| -- | 0.00 |
| -- | 20155 |
| -- | CBU-SCHOOL TEXTBOOK COLLECTIONS |
| -- | 1 |
| -- | 0.00 |
| -- | SCHOOL TEXTBOOK |
| -- | 10 |
| -- | AVAILABLE |
| -- | Nov 13, 2008 |
| -- | 20155 |
| -- | School Collections |
| 995 ## - | |
| -- | BINDERY (DAMAGED) |
| -- | 0.00 |
| -- | 722860 |
| -- | CBU-MAIN LIBRARY (Kitwe) |
| -- | 1 |
| -- | 14.50 |
| -- | TH 145 Mac |
| -- | 1 |
| -- | DAMAGED |
| -- | 015145 |
| -- | Main Library Open Access Collection |
| 999 ## - | |
| -- | 77794 |
| -- | 77794 |
| Withdrawn status | Lost status | Source of classification or shelving scheme | Damaged status | Not for loan | Permanent Location | Current Location | Shelving location | Date acquired | Total Checkouts | Full call number | Barcode | Date last seen | Copy number | Price effective from | Koha item type |
|---|---|---|---|---|---|---|---|---|---|---|---|---|---|---|---|
| CBU-MAIN LIBRARY, KITWE. | CBU-MAIN LIBRARY, KITWE. | 05/03/2023 | TH 145 Mac | 015145 | 05/03/2023 | 9 | 05/03/2023 | MONOGRAPH | |||||||
| CBU-SCHOOL TEXT BOOK COLLECTION | CBU-SCHOOL TEXT BOOK COLLECTION | 05/03/2023 | SCHOOL TEXTBOOK | 20143 | 05/03/2023 | 1 | 05/03/2023 | MONOGRAPH | |||||||
| CBU-SCHOOL TEXT BOOK COLLECTION | CBU-SCHOOL TEXT BOOK COLLECTION | 05/03/2023 | SCHOOL TEXTBOOK | 20157 | 05/03/2023 | 2 | 05/03/2023 | MONOGRAPH | |||||||
| CBU-SCHOOL TEXT BOOK COLLECTION | CBU-SCHOOL TEXT BOOK COLLECTION | 05/03/2023 | SCHOOL TEXTBOOK | 2872 | 05/03/2023 | 3 | 05/03/2023 | MONOGRAPH | |||||||
| CBU-SCHOOL TEXT BOOK COLLECTION | CBU-SCHOOL TEXT BOOK COLLECTION | 05/03/2023 | SCHOOL TEXTBOOK | 20159 | 05/03/2023 | 4 | 05/03/2023 | MONOGRAPH | |||||||
| CBU-SCHOOL TEXT BOOK COLLECTION | CBU-SCHOOL TEXT BOOK COLLECTION | 05/03/2023 | SCHOOL TEXTBOOK | 20158 | 05/03/2023 | 5 | 05/03/2023 | MONOGRAPH | |||||||
| CBU-SCHOOL TEXT BOOK COLLECTION | CBU-SCHOOL TEXT BOOK COLLECTION | 05/03/2023 | SCHOOL TEXTBOOK | 20146 | 05/03/2023 | 6 | 05/03/2023 | MONOGRAPH | |||||||
| CBU-SCHOOL TEXT BOOK COLLECTION | CBU-SCHOOL TEXT BOOK COLLECTION | 05/03/2023 | SCHOOL TEXTBOOK | 20140 | 05/03/2023 | 7 | 05/03/2023 | MONOGRAPH | |||||||
| CBU-SCHOOL TEXT BOOK COLLECTION | CBU-SCHOOL TEXT BOOK COLLECTION | 05/03/2023 | SCHOOL TEXTBOOK | 20155 | 05/03/2023 | 8 | 05/03/2023 | MONOGRAPH |